|
|
|
|
| LEADER |
01383nam a2200361Ia 4500 |
| 001 |
EBC3444844 |
| 003 |
MiAaPQ |
| 005 |
20200520144314.0 |
| 006 |
m o d | |
| 007 |
cr cn||||||||| |
| 008 |
081023s2009 wiua sb s001 0 eng d |
| 010 |
|
|
|z 2008046313
|
| 020 |
|
|
|z 9780299230043
|
| 020 |
|
|
|z 9780299230036
|
| 035 |
|
|
|a (MiAaPQ)EBC3444844
|
| 035 |
|
|
|a (Au-PeEL)EBL3444844
|
| 035 |
|
|
|a (CaPaEBR)ebr10315743
|
| 035 |
|
|
|a (CaONFJC)MIL227047
|
| 035 |
|
|
|a (OCoLC)646813617
|
| 040 |
|
|
|a MiAaPQ
|c MiAaPQ
|d MiAaPQ
|
| 050 |
|
4 |
|a PN1999.U5
|b B31 2009
|
| 100 |
1 |
|
|a Balio, Tino.
|
| 245 |
1 |
0 |
|a United Artists
|h [electronic resource] :
|b the company built by the stars.
|n Volume 1,
|p 1919-1950 /
|c Tino Balio.
|
| 260 |
|
|
|a Madison, Wis. :
|b University of Wisconsin Press,
|c c2009.
|
| 300 |
|
|
|a xxix, 323 p. :
|b ill.
|
| 500 |
|
|
|a Reprint of the 1976 publication with a new introduction.
|
| 504 |
|
|
|a Includes bibliographical references and index.
|
| 533 |
|
|
|a Electronic reproduction. Ann Arbor, MI : ProQuest, 2015. Available via World Wide Web. Access may be limited to ProQuest affiliated libraries.
|
| 610 |
2 |
0 |
|a United Artists Corporation
|x History.
|
| 650 |
|
0 |
|a Motion picture industry
|x History.
|
| 655 |
|
4 |
|a Electronic books.
|
| 710 |
2 |
|
|a ProQuest (Firm)
|
| 856 |
4 |
0 |
|u https://ebookcentral.proquest.com/lib/matrademy/detail.action?docID=3444844
|z Click to View
|